Comprensión de textos escritos
Gardado en:
| Autor Principal: | |
|---|---|
| Formato: | Libro |
| Idioma: | Lingua castelá |
| Publicado: |
Buenos Aires
Eudeba
2005
|
| Edición: | 1a. ed |
| Series: | Enciclopedia Semiológica
|
| Subjects: | |
| Tags: |
Engadir etiqueta
Sen Etiquetas, Sexa o primeiro en etiquetar este rexistro!
|
MARC
| LEADER | 00000cam a2200000 a 4500 | ||
|---|---|---|---|
| 001 | UCK8294 | ||
| 003 | CL-VaPUC | ||
| 008 | 060310e20050000AG |||||||||||||||||spa|d | ||
| 020 | |a 9502314301 | ||
| 082 | 0 | 4 | |a 410 |b PAR |2 21 |
| 100 | |a Parodi Sweis, Giovanni Emmanuel |e autor |9 783477 | ||
| 245 | 1 | 0 | |a Comprensión de textos escritos |
| 250 | |a 1a. ed | ||
| 300 | |a 110 p | ||
| 942 | |c BK | ||
| 945 | |d 20060310 00:00:00 |a jtorresc | ||
| 260 | |a Buenos Aires |b Eudeba |c 2005 | ||
| 650 | 0 | |a Comprensión de lectura |9 307588 | |
| 650 | 0 | |a Análisis del discurso |9 256696 | |
| 650 | 0 | |a Lingüística |9 265068 | |
| 583 | |a last modification |c 20120510 03:31:58 |k Rodrigo Vera | ||
| 490 | 0 | |a Enciclopedia Semiológica | |
| 999 | |c 316007 |d 316005 | ||
| 952 | |0 0 |1 0 |4 0 |6 410_000000000000000_PAR_2005 |7 0 |8 A |9 390003 |a FDOPOS |b FDOPOS |d 2019-11-22 |i 4209729 |o 410 PAR 2005 |p 4209729 |r 2025-01-22 |w 2019-11-22 |y BK |k MLA | ||
| 952 | |0 0 |1 0 |4 0 |6 410_000000000000000_PAR_2005 |7 0 |8 A |9 390004 |a FDOPOS |b FDOPOS |d 2019-11-22 |i 4209737 |o 410 PAR 2005 |p 4209737 |r 2025-01-22 |w 2019-11-22 |y BK |k MLA | ||
| 952 | |0 0 |1 0 |4 0 |6 410_000000000000000_PAR_2005 |7 0 |8 A |9 390005 |a FDOPOS |b BIBEDU |d 2019-11-22 |i 421305K |l 2 |o 410 PAR 2005 |p 421305K |r 2025-01-22 |s 2022-03-21 |w 2019-11-22 |y BK |k MLA | ||
| 952 | |0 0 |1 0 |4 0 |6 410_000000000000000_PAR_2005 |7 0 |8 A |9 390006 |a FDOPOS |b FDOPOS |d 2019-11-22 |i 4213041 |o 410 PAR 2005 |p 4213041 |r 2025-01-22 |w 2019-11-22 |y BK |k MLA | ||
| 952 | |0 0 |1 0 |4 0 |6 410_000000000000000_PAR_2005 |7 0 |8 A |9 390007 |a FDOPOS |b FDOPOS |d 2019-11-22 |i 4213033 |o 410 PAR 2005 |p 4213033 |r 2025-01-22 |w 2019-11-22 |y BK |k MLA | ||
| 952 | |0 0 |1 0 |4 0 |6 410_000000000000000_PAR_2005 |7 0 |8 A |9 390008 |a FDOPOS |b FDOPOS |d 2019-11-22 |i 4213025 |o 410 PAR 2005 |p 4213025 |r 2025-01-22 |w 2019-11-22 |y BK |k MLA | ||
| 952 | |0 0 |1 0 |4 0 |6 410_000000000000000_PAR_2005 |7 0 |8 A |9 390009 |a FDOPOS |b FDOPOS |d 2019-11-22 |i 4213017 |o 410 PAR 2005 |p 4213017 |r 2025-01-22 |w 2019-11-22 |y BK |k MLA | ||
| 952 | |0 0 |1 0 |4 0 |6 410_000000000000000_PAR_2005 |7 0 |8 A |9 390010 |a FDOPOS |b FDOPOS |d 2019-11-22 |i 4213009 |o 410 PAR 2005 |p 4213009 |r 2025-01-22 |w 2019-11-22 |y BK |k MLA | ||
| 952 | |0 0 |1 0 |4 0 |6 410_000000000000000_PAR_2005 |7 0 |8 A |9 390011 |a FDOPOS |b FDOPOS |d 2019-11-22 |i 4212991 |o 410 PAR 2005 |p 4212991 |r 2025-01-22 |w 2019-11-22 |y BK |k MLA | ||
| 952 | |0 0 |1 0 |4 0 |6 410_000000000000000_PAR_2005 |7 0 |8 A |9 390012 |a FDOPOS |b FDOPOS |d 2019-11-22 |i 4212983 |o 410 PAR 2005 |p 4212983 |r 2025-01-22 |w 2019-11-22 |y BK |k MLA | ||
| 952 | |0 0 |1 0 |4 0 |6 410_000000000000000_PAR_2005 |7 0 |8 A |9 390013 |a FDOPOS |b FDOPOS |d 2019-11-22 |i 4212975 |o 410 PAR 2005 |p 4212975 |r 2025-01-22 |w 2019-11-22 |y BK |k MLA | ||
| 952 | |0 0 |1 0 |4 0 |6 410_000000000000000_PAR_2005 |7 0 |8 A |9 390014 |a FDOPOS |b FDOPOS |d 2019-11-22 |i 4212967 |o 410 PAR 2005 |p 4212967 |r 2025-01-22 |w 2019-11-22 |y BK |k MLA | ||
| 952 | |0 0 |1 0 |4 0 |6 410_000000000000000_PAR_2005 |7 0 |8 A |9 390015 |a BIBEDU |b BIBEDU |d 2019-11-22 |i 4228855 |o 410 PAR 2005 |p 4228855 |r 2019-11-22 |w 2019-11-22 |y BK |k LIT | ||
| 952 | |0 0 |1 0 |4 0 |6 410_000000000000000_PAR_2005 |7 0 |8 A |9 390016 |a BIBEDU |b BIBEDU |d 2019-11-22 |i 4228863 |o 410 PAR 2005 |p 4228863 |r 2019-11-22 |w 2019-11-22 |y BK |k LIT | ||
| 952 | |0 0 |1 0 |4 0 |6 410_000000000000000_PAR_2005 |7 0 |8 A |9 390017 |a BIBEDU |b BIBEDU |d 2019-11-22 |i 4228871 |o 410 PAR 2005 |p 4228871 |r 2019-11-22 |w 2019-11-22 |y BK |k LIT | ||
| 952 | |0 0 |1 0 |4 0 |6 410_000000000000000_PAR_2005 |7 0 |8 A |9 390018 |a BIBEDU |b BIBEDU |d 2019-11-22 |i 422888K |o 410 PAR 2005 |p 422888K |r 2019-11-22 |w 2019-11-22 |y BK |k LIT | ||
| 952 | |0 0 |1 0 |4 0 |6 410_000000000000000_PAR_2005 |7 0 |8 A |9 390019 |a BIBEDU |b BIBEDU |d 2019-11-22 |i 4228898 |o 410 PAR 2005 |p 4228898 |r 2019-11-22 |w 2019-11-22 |y BK |k LIT | ||
| 952 | |0 0 |1 0 |4 0 |6 410_000000000000000_PAR_2005 |7 0 |8 A |9 390020 |a BIBEDU |b BIBEDU |d 2019-11-22 |i 4228901 |o 410 PAR 2005 |p 4228901 |r 2019-11-22 |w 2019-11-22 |y BK |k LIT | ||
| 952 | |0 0 |1 0 |4 0 |6 410_000000000000000_PAR_2005 |7 0 |8 A |9 390021 |a BIBEDU |b BIBEDU |d 2019-11-22 |i 422891K |l 2 |o 410 PAR 2005 |p 422891K |r 2023-09-12 |s 2023-09-12 |w 2019-11-22 |y BK |k LIT | ||
| 952 | |0 0 |1 0 |4 0 |6 410_000000000000000_PAR_2005 |7 0 |8 A |9 390022 |a BIBEDU |b BIBEDU |d 2019-11-22 |i 4228928 |o 410 PAR 2005 |p 4228928 |r 2019-11-22 |w 2019-11-22 |y BK |k LIT | ||
| 952 | |0 0 |1 0 |4 0 |6 410_000000000000000_PAR_2005 |7 0 |8 A |9 390023 |a BIBEDU |b BIBEDU |d 2019-11-22 |i 4228936 |o 410 PAR 2005 |p 4228936 |r 2019-11-22 |w 2019-11-22 |y BK |k LIT | ||
| 952 | |0 0 |1 0 |4 0 |6 410_000000000000000_PAR_2005 |7 0 |8 A |9 390024 |a BIBEDU |b BIBEDU |d 2019-11-22 |i 4228944 |o 410 PAR 2005 |p 4228944 |r 2019-11-22 |w 2019-11-22 |y BK |k LIT | ||
| 952 | |0 0 |1 0 |4 0 |6 410_000000000000000_PAR_2005 |7 0 |8 A |9 390025 |a BIBEDU |b BIBEDU |d 2019-11-22 |i 4228952 |o 410 PAR 2005 |p 4228952 |r 2019-11-22 |w 2019-11-22 |y BK |k LIT | ||
| 952 | |0 0 |1 0 |4 0 |6 410_000000000000000_PAR_2005 |7 0 |8 A |9 390026 |a BIBEDU |b BIBEDU |d 2019-11-22 |i 4228960 |o 410 PAR 2005 |p 4228960 |r 2019-11-22 |w 2019-11-22 |y BK |k LIT | ||
| 952 | |0 0 |1 0 |4 0 |6 410_000000000000000_PAR_2005 |7 0 |8 A |9 390027 |a BIBEDU |b BIBEDU |d 2019-11-22 |i 4228979 |o 410 PAR 2005 |p 4228979 |r 2019-11-22 |w 2019-11-22 |y BK |k LIT | ||
| 952 | |0 0 |1 0 |4 0 |6 410_000000000000000_PAR_2005 |7 0 |8 A |9 390028 |a BIBEDU |b BIBEDU |d 2019-11-22 |i 4228987 |o 410 PAR 2005 |p 4228987 |r 2019-11-22 |w 2019-11-22 |y BK |k LIT | ||
| 952 | |0 0 |1 0 |4 0 |6 410_000000000000000_PAR_2005 |7 0 |8 A |9 390029 |a BIBEDU |b BIBEDU |d 2019-11-22 |i 4228995 |o 410 PAR 2005 |p 4228995 |r 2019-11-22 |w 2019-11-22 |y BK |k LIT | ||
| 952 | |0 0 |1 0 |4 0 |6 410_000000000000000_PAR_2005 |7 0 |8 A |9 390030 |a BIBEDU |b BIBEDU |d 2019-11-22 |i 4229002 |o 410 PAR 2005 |p 4229002 |r 2019-11-22 |w 2019-11-22 |y BK |k LIT | ||
| 952 | |0 0 |1 0 |4 0 |6 410_000000000000000_PAR_2005 |7 0 |8 A |9 390031 |a BIBEDU |b BIBEDU |d 2019-11-22 |i 4229010 |l 1 |o 410 PAR 2005 |p 4229010 |r 2022-08-30 |s 2022-08-24 |w 2019-11-22 |y BK |k LIT | ||
| 952 | |0 0 |1 0 |4 0 |6 410_000000000000000_PAR_2005 |7 0 |8 A |9 390032 |a BIBEDU |b BIBEDU |d 2019-11-22 |i 4229029 |o 410 PAR 2005 |p 4229029 |r 2019-11-22 |w 2019-11-22 |y BK |k LIT | ||
| 952 | |0 0 |1 0 |4 0 |6 410_000000000000000_PAR_2005 |7 0 |8 A |9 390033 |a FDOPOS |b FDOPOS |d 2019-11-22 |i 4316517 |o 410 PAR 2005 |p 4316517 |r 2025-01-22 |w 2019-11-22 |y BK |k MLA | ||
| 952 | |0 0 |1 0 |4 0 |6 410_000000000000000_PAR_2005 |7 0 |8 A |9 390034 |a BIBEDU |b BIBEDU |d 2019-11-22 |i 4868102 |o 410 PAR 2005 |p 4868102 |r 2019-11-22 |w 2019-11-22 |y BK |k EPE | ||